000 01295nam0a22003011 4500
001 rc\2356041
005 20250623052217.0
035 _a(NLR Aleph) 006593345
090 _a7169978
_c7169978
100 _a20110829d1977 |||y0rusy50 ca
101 1 _arus
_cchm
102 _aRU
105 _aa z |||a|
200 1 _aОкна моего детства
_eСтихи и поэмы
_e[Для сред. и ст. школьного возраста]
_fСемен Николаев
_gПеревод с марийск. А. Смольникова
_g[Худож. И.А. Михайлин]
210 _aЙошкар-Ола
_cМарийск. кн. изд-во
_d1977
215 _a112 с.
_cил.
_d16
327 1 _aСодерж.: Стихи; Поэмы: Красногрудая птица; Мустафа
464 0 _12001#$aСтихи$aКрасногрудая птица$eПоэма$aМустафа$eПоэма
_tМустафа
700 1 _aНиколаев
_bС.В.
_f1936-
_gСемен Васильевич
702 1 _aСмольников
_bА.
_gАлексей
_4730
702 1 _aМихайлин
_bИ.А.
_4650
801 0 _aRU
_bNLR
_gpsbo
801 1 _aRU
_bELAR
_2rusmarc
852 _aNLR
_j77-2/858
899 _aRuMoRGB
_jМ 77-8/108
899 _aRuMoRGB
_jМ 77-8/109
942 _cBOOK
980 _aNB